Detalles MARC
| 000 -CABECERA |
| Longitud fija campo de control |
01554nam a2200421 c 4500 |
| 003 - • IDENTIFICADOR DELl NÚMERO DE CONTROL |
| Identificador del número de control |
CO-BoRNBP |
| 005 - • FECHA Y HORA DE LA ÚLTIMA TRANSACCIÓN |
| Fecha y hora de la última transacción |
20250822223842.0 |
| 007 - • CAMPO FIJO DE DESCRIPCIÓN FÍSICA |
| Campo fijo de descripción física |
ta |
| 008 - • CÓDIGOS DE INFORMACIÓN DE LONGITUD FIJA |
| Códigos de información de longitud fija |
210730s20162017ck er 000 0dspa d |
| 020 ## - • NÚMERO INTERNACIONAL NORMALIZADO PARA LIBROS |
| Número Internacional Normalizado para Libros (ISBN) |
9789588461700 |
| 040 ## - FUENTE DE LA CATALOGACIÓN |
| Centro catalogador de origen |
CO-BoRNBP |
| Lengua de catalogación |
spa |
| Normas de descripción |
rda |
| Centro transcriptor |
CO-BoRNBP |
| 041 0# - • CÓDIGO DE LENGUA |
| Código de lengua del texto/banda sonora o título independiente |
spa |
| 043 ## - CÓDIGO DE ÁREA GEOGRÁFICA |
| Código de área geográfica |
s-ck--- |
| 082 04 - • NÚMERO DE LA CLASIFICACIÓN DECIMAL DEWEY |
| Número de clasificación (R) |
303.6609861 |
| Número del ítem |
E68v |
| Número de edición |
22 |
| 110 2# - • PUNTO DE ACCESO PRINCIPAL-NOMBRE DE ENTIDAD CORPORATIVA |
| Nombre de entidad corporativa o nombre de jurisdicción como elemento inicial |
Equipo Verdad Abierta |
| 245 10 - • TITULO PROPIAMENTE DICHO |
| Título |
Víctimas pero no por siempre / |
| Mención de responsabilidad, etc. |
Equipo Verdad Abierta, Esther Rebollo, Ander Izagirre. |
| 250 ## - • MENCIÓN DE EDICIÓN |
| Mención de edición |
Primera edición |
| 264 #1 - PRODUCCIÓN, PUBLICACIÓN , DISTRIBUCIÓN, FABRICACIÓN Y COPYRIGHT |
| Lugar de producción, publicación, distribución, fabricación |
Bogotá, Colombia : |
| Nombre del productor, editor, distribuidor, fabricante |
Icono Editorial, |
| Fecha de de producción, publicación, distribución, fabricación o copyright |
2017 |
| 300 ## - • DESCRIPCIÓN FÍSICA |
| Extensión |
151 páginas |
| 336 ## - TIPO DE CONTENIDO |
| Término de tipo de contenido |
texto |
| Código de tipo de contenido |
txt |
| Fuente |
rdacontent |
| 337 ## - TIPO DE MEDIO |
| Nombre del tipo de medio |
sin mediación |
| Código del tipo de medio |
n |
| Fuente |
rdamedia |
| 338 ## - TIPO DE SOPORTE |
| Nombre del tipo de soporte |
volumen |
| Código del tipo de soporte |
nc |
| Fuente |
rdacarrier |
| 490 0# - • MENCIÓN DE SERIE |
| Mención de serie |
Memoria viva |
| 500 ## - • NOTA GENERAL |
| Nota general |
El material correspondiente a la dotación PNLB 2022, corresponde a la edición de 2016 |
| 521 ## - • NOTA DE PÚBLICO DESTINATARIO |
| Nota público destinatario (R ) |
Recomendado para público adulto |
| 545 ## - DATOS BIOGRÁFICOS O HISTÓRICOS |
| Datos bigr´ficos o históricos |
Incluye datos biográficos de los autores en la solapa |
| 600 17 - • PUNTO DE ACCESO ADICIONAL DE MATERIA - NOMBRE DE PERSONA |
| Nombre de persona |
Abad Gómez, Héctor, |
| Fechas asociadas al nombre |
1921-1987 |
| Subdivisión de materia general (R ) |
Asesinato |
| 650 07 - • PUNTO DE ACCESO ADICIONAL DE MATERIA - TÉRMINO DE MATERIA |
| Término de materia o nombre geográfico como elemento inicial |
Despojo de tierras |
| Subdivisión de forma |
Estudio de casos |
| Subdivisión geográfica |
Colombia |
| Fuente del encabezamiento o término |
LEMB |
| 650 07 - • PUNTO DE ACCESO ADICIONAL DE MATERIA - TÉRMINO DE MATERIA |
| Término de materia o nombre geográfico como elemento inicial |
Victimas de abuso sexual |
| Subdivisión geográfica |
Cauca (Colombia) |
| Fuente del encabezamiento o término |
lemb |
| 650 07 - • PUNTO DE ACCESO ADICIONAL DE MATERIA - TÉRMINO DE MATERIA |
| Término de materia o nombre geográfico como elemento inicial |
Víctimas de la violencia |
| Subdivisión geográfica |
Colombia |
| Fuente del encabezamiento o término |
LEMB |
| 650 07 - • PUNTO DE ACCESO ADICIONAL DE MATERIA - TÉRMINO DE MATERIA |
| Término de materia o nombre geográfico como elemento inicial |
Violación como arma de guerra |
| Subdivisión geográfica |
Cauca (Colombia) |
| Fuente del encabezamiento o término |
LEMB |
| 650 07 - • PUNTO DE ACCESO ADICIONAL DE MATERIA - TÉRMINO DE MATERIA |
| Término de materia o nombre geográfico como elemento inicial |
Conflicto Armado |
| Fuente del encabezamiento o término |
LEMB |
| 655 ## - • TÉRMINO DE INDIZACIÓN - GÉNERO/FORMA |
| Datos o término principal de género/forma |
Estudio de casos |
| 9 (RLIN) |
63324 |
| 700 ## - • PUNTO DE ACCESO ADICIONAL - NOMBRE DE PERSONA |
| Nombre de persona |
Izaguirre, Ander |
| Término indicativo de función |
aut |
| 700 ## - • PUNTO DE ACCESO ADICIONAL - NOMBRE DE PERSONA |
| Nombre de persona |
Rebollo, Esther |
| Término indicativo de función |
aut |
| 942 ## - ENTRADA DE ELEMENTOS AGREGADOS (KOHA) |
| Fuente de clasificaión o esquema |
Dewey Decimal Classification |
| Koha [por defecto] tipo de item |
LIbro |